[Event "Winter Chess Classic-B 2019"]
[Site "Saint Louis"]
[Date "2019.11.10"]
[Round "1.1"]
[White "Khachiyan, Melikset"]
[Black "Erenburg, Sergey"]
[Result "1-0"]
[WhiteElo "2493"]
[BlackElo "2581"]
[Annotator "TA"]
[PlyCount "141"]
[EventDate "2019.11.10"]
[EventType "tourn"]
[EventCountry "USA"]
[SourceTitle "playchess.com"]
[Source "ChessBase"]
[SourceQuality "1"]

{[%evp 31,141,7,6,16,17,15,22,24,37,25,25,23,33,27,20,16,22,11,43,33,69,79,72,66,72,72,106,108,101,114,123,122,122,122,122,119,114,122,123,112,109,105,123,114,102,102,102,102,120,114,173,173,173,173,173,173,164,60,60,60,60,60,60,60,60,60,60,60,60,60,60,60,60,60,60,60,60,60,60,60,60,60,60,60,60,60,1337,12714,29956,29957,29960,29951,29965,29966,29962,29967,29967,29968,29977,29966,29959,29961,29977,29978,29978,29979,29978,29979,29982,29980,29980,29981]} 1. e4 c6 2. d4 d5 3. Nc3 dxe4 4. Nxe4 Bf5 5. Ng3 Bg6 6. h4 h6 7. Nf3 Nd7 8. h5 Bh7 9. Bd3 Bxd3 10. Qxd3 e6 11. Bd2 Ngf6 12. O-O-O Be7 13. Ne4 Nxe4 14. Qxe4 Nf6 15. Qe2 Qd5 16. c4 Qe4 17. Qxe4 {B19: Classical Caro-Kann: 4...Bf5 main line} Nxe4 18. Be3 O-O 19. Ne5 {The position is equal.} Rfd8 20. g4 a5 21. f3 Nd6 {[#]} 22. Rd3 $146 ({Predecessor:} 22. c5 Nb5 23. f4 Bf6 24. g5 hxg5 25. fxg5 Bxe5 26. dxe5 {1-0 (66) Sandipan,C (2560)-Shanava,K (2477) Pardubice 2005}) 22... f6 23. Ng6 $36 {[%mdl 2048] White is more active.} Kf7 24. Rc3 b5 25. c5 Ne8 26. Re1 Nc7 27. Rc2 $1 Nd5 28. Rce2 $1 Re8 29. Bd2 Bd8 30. f4 Bc7 31. f5 exf5 32. Rxe8 Rxe8 33. Rxe8 Kxe8 34. gxf5 $16 {[%mdl 4096] Endgame KBN-KBN} a4 35. Kc2 Bg3 36. Kd3 Kf7 37. Ke4 Ke8 38. Kf3 Bc7 39. Nh4 Bh2 40. Ng2 Bc7 {[#]} (40... Kd7 $16) 41. Ne1 $1 $18 Bh2 42. Nd3 Bc7 43. Ke4 Kd7 {[#]} 44. a3 ({White should play} 44. Nb4 $1 $18 {[%cal Rb4d5]} Ne7 45. d5) 44... Bh2 45. Nb4 Nxb4 46. Bxb4 $14 {KB-KB} Bg3 47. Bd2 Bh4 48. Kd3 Bg5 49. Be1 Bf4 50. Kc2 Be3 51. Bc3 Bf4 52. b3 axb3+ 53. Kxb3 Be3 54. a4 bxa4+ 55. Kxa4 Kc8 56. Kb3 Kd7 57. Kc4 {And now Kd3 would win.} Bf4 58. Kd3 {Threatens to win with Bd2.} Bg5 $2 {[%mdl 8192]} (58... Bg3 $14) 59. Ke4 $18 Bh4 60. Bd2 {White mates.} Bg5 61. Bf4 Ke8 62. Bd6 Bd2 63. d5 Kd7 64. Bf8 Bb4 65. Kd4 Bd2 66. Bxg7 cxd5 67. Kxd5 Ke7 68. c6 Bf4 69. Ke4 Bc1 {[#]} 70. Bf8+ $1 {[%mdl 512]} Ke8 (70... Kxf8 71. c7) 71. Bd6 {Accuracy: White = 90%, Black = 50%.} 1-0

[Event "Winter Chess Classic-B 2019"]
[Site "Saint Louis"]
[Date "2019.11.10"]
[Round "1.2"]
[White "Azarov, Sergei"]
[Black "Harutyunian, Tigran K."]
[Result "1/2-1/2"]
[WhiteElo "2586"]
[BlackElo "2542"]
[Annotator "TA"]
[PlyCount "143"]
[EventDate "2019.11.10"]
[EventType "tourn"]
[EventCountry "USA"]
[SourceTitle "playchess.com"]
[Source "ChessBase"]
[SourceQuality "1"]

{[%evp 12,143,20,22,37,39,31,31,33,34,33,30,41,36,37,27,27,32,43,39,35,21,29,22,23,29,39,29,45,33,47,36,47,39,40,50,43,47,38,41,44,40,54,36,40,45,46,12,26,19,12,18,27,27,68,43,74,72,66,65,95,91,201,202,179,93,82,0,0,0,117,104,150,149,141,23,29,0,0,-635,-621,-847,-612,-500,-163,-158,-174,-159,-172,-151,-154,-187,-187,-187,-187,-187,-187,-180,-187,-393,-183,-29978,-29979,-29974,-29974,-5727,-215,-215,-215,-215,-191,-215,-215,-215,-121,-29967,-191,-191,-14,-14,-14,-14,-14,-14,0,0,0,0,0,0,0,0,0,0]} 1. e4 e5 2. Nf3 Nc6 3. Bb5 Nf6 4. O-O Nxe4 5. Re1 Nd6 6. Nxe5 Be7 7. Bf1 Nf5 {C67: Ruy Lopez: Berlin Defence: 4 0-0 Nxe4} 8. Nf3 O-O 9. d4 d5 {White is slightly better.} 10. c3 Re8 11. Bd3 Bd6 12. Rxe8+ Qxe8 13. Qc2 g6 14. Nbd2 {[%cal Bb1d2,Bd2f1,Bf1e3][%mdl 32] [#]} Ng7 $146 ({Predecessor:} 14... Bd7 15. Nf1 {½-½ (30) Adams,M (2748)-Nakamura,H (2779) London 2016}) 15. Qb3 Ne7 16. Nf1 f6 17. c4 {Strongly threatening c5.} c6 18. Bd2 Qf7 19. Ne3 Ngf5 20. Re1 b6 21. cxd5 cxd5 22. Bb4 Bxb4 23. Qxb4 Be6 24. Nxf5 Nxf5 25. Bxf5 Bxf5 26. Qd6 Be4 $1 27. Nd2 Re8 28. Nf1 Re6 29. Qb4 Qd7 30. Ne3 Kg7 31. Rc1 g5 32. Qc3 Kf7 33. h3 Bg6 34. Qc7 Re7 35. Qb8 Kg7 36. Rc8 Bf7 (36... Qb7 $16 {keeps fighting.}) 37. Rd8 $18 (37. Rh8 $2 Be8 $19) 37... Qe6 38. Rxd5 (38. Rh8 Be8 $17) (38. Rd6 $18 Qe4 39. Qd8) 38... Kg6 $16 39. Qf8 (39. b3 $16) 39... Re8 $11 40. Qa3 Qe4 (40... Qc6 $1 $11 {keeps the balance.} 41. Rd6 Qc1+ 42. Kh2 Qd2) 41. Rd7 $16 Rc8 42. b3 h5 43. d5 ({Don't play} 43. Rxa7 $6 Qxd4 44. Qe7 Rc1+ 45. Nf1 Qd5 $16) (43. Qb2 $1 $16) 43... Qe5 $11 44. g3 Rc5 $1 45. Rxa7 $2 {[%mdl 8192]} (45. Qb4 $11 Bxd5 46. Nxd5 Rxd5 47. Rxd5 Qxd5 48. Qe7) 45... Bxd5 $19 46. Rd7 Qa1+ 47. Nf1 Be6 $2 (47... Bc6 48. Rd2 Qe1) 48. Qa7 {And now Rg7+ would win.} Bxd7 49. Qxd7 $17 {[%mdl 4096] Endgame KQR-KQN} Qe5 $1 ({Not} 49... Qxa2 50. Qe8+ Kh6 51. Qh8+ Kg6 52. Qe8+ Kh6 53. Qh8+ Kg6 54. Qe8+ $11) 50. Qd3+ Qf5 51. Qd8 Rc8 $36 {[%mdl 2048] Black is on the roll.} ({Worse is} 51... Qxh3 52. Qe8+ Kh6 53. Qf7 $11) 52. Qxb6 Qxh3 53. Qe3 h4 54. a4 Qf5 55. b4 $2 (55. Kh2 {was called for.}) 55... Qd5 (55... h3 $142 56. Qe2 Qd5) 56. b5 $2 (56. gxh4 $19 gxh4 57. Kh2) 56... h3 $1 {[%csl Gh3][%cal Rd5g2]} 57. f3 Qa2 {[%csl Gh3][%cal Ra2g2]} 58. Nd2 Qxa4 $2 (58... Rd8 59. Qe1 Qxd2 60. Qxd2 Rxd2) 59. Qd3+ $19 Kh6 $1 60. Kh2 Qc2 61. Qd6 Kg6 {Hoping for ...Re8.} 62. b6 {[#] intending b7.} Re8 (62... Qd1 $1 $19 {( -> ...Qe2+)} 63. Qd3+ Kh6) 63. Kxh3 $2 {[%mdl 8192] [#]} (63. b7 $17) 63... Qc8+ $2 (63... Qd1 $1 {mates} 64. Kg4 Qh1 65. Qd3+ Kh6 66. Kf5 Qh5 67. Kxf6 g4 68. f4 Rf8+ 69. Ke6 Qf7+ 70. Ke5 Qf6+ {[%mdl 64] Double Attack} 71. Ke4 Re8+ 72. Kd5 Rd8+ {[%mdl 64] Skewer} 73. Kc5 Rxd3 74. Nc4 Qd4+ 75. Kb5 Qd5+ 76. Kb4 Rd4 $1 {[%mdl 512]} 77. Kb3 Qxc4+ 78. Kb2 Rd2+ 79. Kb1 Qf1#) 64. g4 {[#]} Qb8 $2 (64... Rd8 $1 $19 65. Qc7 Qxc7 66. bxc7 Rc8) 65. Qd3+ $1 $11 {The position is equal.} Kh6 66. Ne4 Qxb6 {...Rd8 is the strong threat.} 67. Nd6 Rh8 {Threatens to win with ...Kg7+.} (67... Rb8 {is interesting.} 68. Nf5+ Kg6 69. Ng3+ Kg7 70. Qd7+ Kh8) 68. Nf7+ {[%mdl 64] Double Attack} Kg7+ 69. Nxh8 Kxh8 70. Qg6 Qd4 71. Qe8+ Kg7 72. Qe7+ {Accuracy: White = 54%, Black = 46%.} 1/2-1/2

[Event "Winter Chess Classic-B 2019"]
[Site "Saint Louis"]
[Date "2019.11.10"]
[Round "1.3"]
[White "Moradiabadi, Elshan"]
[Black "Perez Ponsa, Federico"]
[Result "1/2-1/2"]
[WhiteElo "2552"]
[BlackElo "2560"]
[Annotator "TA"]
[PlyCount "60"]
[EventDate "2019.11.10"]
[EventType "tourn"]
[EventCountry "USA"]
[SourceTitle "playchess.com"]
[Source "ChessBase"]
[SourceQuality "1"]

{[%evp 13,60,35,40,31,40,35,50,53,85,21,85,80,74,75,76,76,72,91,88,29,66,14,39,39,49,20,44,41,46,36,34,35,26,25,33,43,57,40,43,25,55,29,82,61,78,69,68,68,77]} 1. Nf3 Nf6 2. c4 g6 3. Nc3 Bg7 4. e4 d6 5. d4 O-O 6. h3 e5 7. d5 Nh5 8. g3 {E90: King's Indian: Classical: Early deviations and 6 h3} Na6 9. Nd2 Nc5 10. Nb3 $146 ({Predecessor:} 10. Be2 f5 11. exf5 Bxf5 12. Nb3 Ne4 13. Nxe4 Bxe4 14. Rh2 c6 15. Nd2 Qa5 {0-1 (30) Khairullin,I (2630)-Yuffa,D (2534) Sochi 2016}) 10... Nf6 11. Bg2 (11. Nxc5 $16 {Strongly threatening Nd3.} dxc5 12. Bg5) 11... Bd7 (11... Nfd7 $11) 12. Nxc5 $16 dxc5 13. Bg5 h6 14. Be3 b6 15. Qd2 Kh7 16. a3 (16. O-O-O $16) 16... a5 17. d6 (17. h4 $14) 17... Be6 18. dxc7 Qxc7 19. Nd5 (19. Qe2 {keeps more tension.} Ne8 20. O-O-O Nd6 21. Nd5 Qc6 22. f4) 19... Bxd5 20. cxd5 Ne8 21. Rc1 Nd6 22. h4 a4 23. h5 g5 24. Bh3 Qe7 25. Qc2 $36 {[%mdl 2048] White is more active.} Kh8 26. O-O Ra5 27. Rfd1 Bf6 (27... Nb5 $11 {remains equal.}) 28. Rb1 Rfa8 29. Bd2 R5a7 30. Qd3 Kg7 {Accuracy: White = 50%, Black = 31%.} 1/2-1/2

[Event "Winter Chess Classic-B 2019"]
[Site "Saint Louis"]
[Date "2019.11.10"]
[Round "1.4"]
[White "Wang, Justin"]
[Black "Yoo, Christopher Woojin"]
[Result "1-0"]
[WhiteElo "2459"]
[BlackElo "2449"]
[Annotator "TA"]
[PlyCount "115"]
[EventDate "2019.11.10"]
[EventType "tourn"]
[EventCountry "USA"]
[SourceTitle "playchess.com"]
[Source "ChessBase"]
[SourceQuality "1"]

{[%evp 16,115,45,34,41,47,50,37,42,37,52,38,36,36,41,43,41,29,33,29,35,18,19,23,53,40,49,45,40,36,92,90,90,79,83,86,90,90,100,100,142,108,229,108,145,139,212,212,240,235,240,232,238,235,233,230,239,231,226,231,234,233,216,128,143,135,214,206,232,231,230,212,256,239,239,235,482,492,973,941,1382,1233,1344,1344,1291,937,1274,1238,12834,12077,12842,12842,12845,12845,12845,12846,12846,12847,12847,12847,12847,12847]} 1. e4 Nf6 2. e5 Nd5 3. d4 d6 4. Nf3 g6 5. Bc4 Nb6 6. Bb3 Bg7 7. Ng5 e6 8. Qf3 Qe7 9. Ne4 $1 {Threatens to win with Bg5.} h6 {B04: Alekhine's Defence: 4 Nf3} 10. exd6 (10. Bf4 Nc6 11. exd6 Nxd4 12. dxe7 Nxf3+ 13. gxf3 Bxb2 14. Nbc3 Bxa1 15. Be5 f5 16. Bxh8 fxe4 17. Rg1 {0-1 (51) Pourramezanali,A (2528)-Firouzja,A (2618) Bushehr 2019}) 10... cxd6 11. Bf4 d5 {White is slightly better.} 12. Nd6+ Kf8 $146 ({Predecessor:} 12... Kd8 13. O-O g5 14. Be5 f6 15. Nxc8 Kxc8 16. Bxb8 Kxb8 17. Re1 {1-0 (27) Torre,E-Xu,H Hangzhou 1975}) 13. Nxc8 Nxc8 14. c3 Bf6 15. O-O Kg7 16. Re1 Qd8 17. h3 Nc6 18. Na3 Nd6 19. Nc2 a5 {next ...a4 is good for Black.} 20. a4 Bg5 21. Bh2 Ne4 {aiming for ...Nd2.} 22. Qe2 Ra6 (22... Bh4 $14 23. g3 Be7) 23. Na3 $16 Bh4 24. Rf1 Nd6 25. Nb5 Be7 26. Rfe1 Ne4 27. Bc2 Nf6 28. Qd3 Na7 {[#]} (28... Ne8 $16 {keeps fighting.} 29. Re2 h5) 29. Be5 (29. Nc7 $1 $18) 29... Nc6 30. Bf4 g5 (30... Ne4 $16 31. f3 Nf6) 31. Bh2 $18 Na7 32. Be5 Nc6 33. f4 Nxe5 34. fxe5 (34. dxe5 Bc5+ 35. Kh2 Nd7 $16) 34... Ne4 35. Qf3 Rc6 36. Bxe4 dxe4 37. Rxe4 Qd5 38. Rf1 $40 {[%csl Gf1][%cal Rf3f7][%mdl 128] White has strong attack.} Rf8 39. h4 (39. Qd3 $18) 39... f5 $16 40. Re2 Qxf3 (40... Qa2 $16) 41. gxf3 $18 ({Don't play} 41. Rxf3 $6 gxh4 42. b3 Rd8 $16) 41... gxh4 42. Kh2 Kh7 43. Rg2 Rcc8 44. Rfg1 {And now Rg7+ would win.} Bg5 45. Kh3 Rg8 $2 (45... Kh8 46. Rf1 f4) 46. Nd6 {White is clearly winning.} Rb8 {[#]} (46... f4 $142 47. Nxc8 Rxc8) 47. f4 $1 {[%mdl 512]} Bxf4 48. Rxg8 {[%mdl 64] Overworked Piece} Rxg8 49. Rxg8 Kxg8 50. Nxb7 {[%mdl 4096] Endgame KB-KN} Bc1 51. Nxa5 Bxb2 52. Nc6 Bxc3 53. a5 Bxa5 54. Nxa5 Kf7 55. Kxh4 Ke7 56. Nc6+ Kd7 57. Nb4 Kc7 58. Nd3 {Accuracy: White = 78%, Black = 35%.} 1-0

[Event "Winter Chess Classic-B 2019"]
[Site "Saint Louis"]
[Date "2019.11.10"]
[Round "1.5"]
[White "Cordova, Emilio"]
[Black "Sorokin, Aleksey"]
[Result "1/2-1/2"]
[WhiteElo "2570"]
[BlackElo "2513"]
[Annotator "TA"]
[PlyCount "65"]
[EventDate "2019.11.10"]
[EventType "tourn"]
[EventCountry "USA"]
[SourceTitle "playchess.com"]
[Source "ChessBase"]
[SourceQuality "1"]

{[%evp 9,65,16,21,20,16,-2,0,0,2,6,17,2,27,0,29,0,26,18,27,27,25,0,0,0,27,21,30,9,8,0,26,8,80,80,94,94,93,93,98,95,122,95,98,77,108,65,77,52,58,48,75,72,64,20,22,31,38,39]} 1. Nf3 Nf6 2. c4 c5 3. Nc3 d5 4. cxd5 Nxd5 5. e3 e6 6. Qc2 {A17: English Opening: 1...Nf6 with ...Bb4} (6. d4 cxd4 7. exd4 Nxc3 8. bxc3 Qc7 9. Bd2 Bd6 10. Bd3 Nd7 11. O-O O-O 12. a4 b6 13. Re1 Bb7 14. h3 Bf4 15. Bxf4 Qxf4 16. Qd2 Qc7 17. Ne5 Nxe5 18. Rxe5 Rac8 19. Re3 g6 20. Bf1 Rfd8 21. Qb2 Rd5 22. c4 {½-½ (38) Karjakin,S (2748)-Dubov,D (2700) Moscow 2019}) 6... Be7 7. b3 Nxc3 8. dxc3 {The position is equal.} Nc6 $146 ({Predecessor:} 8... Qc7 9. Bb2 Nd7 10. Bd3 h6 11. O-O-O b6 12. Bc4 O-O 13. h4 Bb7 {1-0 (30) Ganguly,S (2622)-Wagner,D (2572) Douglas 2018}) 9. Bb2 Bd7 10. Bd3 h6 11. a3 Qc7 12. O-O Bf6 13. Nd2 Ne5 14. Be2 Bc6 15. f4 Nd7 16. b4 $36 {[%cal Bb3b4,Bb4b5][%mdl 2080] [#] Threatens to win with b5. White has some pressure.} b6 17. b5 Bb7 18. a4 O-O 19. Nc4 Rad8 20. Rad1 Bd5 (20... Be7 $11 {remains equal.}) 21. e4 $16 Bxc4 22. Bxc4 e5 {[#]} 23. g3 $1 Be7 24. Bc1 Nf6 25. Rde1 Bd6 26. Qg2 Kh8 27. f5 Be7 28. g4 Nh7 $1 29. Qg3 Bf6 30. Bd5 Qe7 {Threatening ...Bh4.} 31. Rd1 Bh4 32. Qh3 Bg5 33. c4 {Accuracy: White = 58%, Black = 43%.} 1/2-1/2

[Event "Winter Chess Classic-B 2019"]
[Site "Saint Louis"]
[Date "2019.11.11"]
[Round "2.1"]
[White "Erenburg, Sergey"]
[Black "Sorokin, Aleksey"]
[Result "0-1"]
[WhiteElo "2581"]
[BlackElo "2513"]
[Annotator "TA"]
[PlyCount "64"]
[EventDate "2019.11.10"]
[EventType "tourn"]
[EventCountry "USA"]
[SourceTitle "playchess.com"]
[Source "ChessBase"]
[SourceQuality "1"]

{[%evp 12,120,43,28,25,25,18,22,5,13,20,12,25,14,12,23,16,10,20,0,-15,0,-20,-94,-109,-130,-123,-118,-140,-147,-116,-125,-87,-92,-85,-100,-96,-116,-116,-122,-125,-117,-117,-120,-118,-130,-141,-131,-131,-139,-102,-111,-113,-141,-132,-130,0,-124,-129,-152,-134,-164,-147,-154,-148,-138,-158,-157,-149,-134,0,-143,-154,-149,-151,-155,-61,-68,-57,-55,-46,-46,-48,-52,-51,-97,-77,-84,-23,-25,-26,-122,-123,-124,-34,-186,-186,-268,-248,-188,-76,-137,-8,-8,-8,-1659,-804,-4440,-4132,-29970,-29938]} 1. e4 e5 2. Nf3 Nc6 3. Bb5 a6 4. Ba4 Nf6 5. O-O Bc5 6. c3 b5 7. Bc2 d5 {C78: Ruy Lopez: Archangelsk and Möller Defences} 8. exd5 (8. d4 dxe4 9. Nxe5 Nxe5 10. dxc5 Qe7 11. Bxe4 Nxe4 12. Qd5 Nxc5 13. Qxa8 O-O 14. Be3 Ncd3 15. Nd2 {0-1 (28) Swiercz,D (2656)-Hammer,J (2662) Saint Louis 2018}) 8... Qxd5 {[#]} 9. d4 $1 {[%mdl 512]} exd4 {The position is equal.} 10. Bb3 Qd6 11. Re1+ Kf8 12. Bg5 Bb7 13. Nbd2 {Hoping for Bxf6.} dxc3 14. bxc3 Na5 $146 ({Predecessor:} 14... Rd8 15. Qc2 {0-1 (54) Zibaei,A (2067)-Lane,G (2371) Canberra 2009}) 15. Bc2 h6 16. Bh4 g6 $36 {[%mdl 2048] Black has the initiative.} 17. Ne5 (17. Nc4 $11 {remains equal.} Bxf2+ 18. Kxf2 Ng4+ {[%mdl 64] Double Attack} 19. Kg1 Qxd1 20. Raxd1 Nxc4 21. Bb3) 17... Kg7 $1 $17 18. Nb3 Nxb3 19. Bxb3 Rhe8 20. Bg3 Qxd1 21. Raxd1 Re7 22. Nd3 Rxe1+ 23. Rxe1 Bd6 24. Bxd6 cxd6 25. c4 bxc4 26. Bxc4 Rc8 27. Bb3 Bd5 28. Rd1 Bxb3 29. axb3 {[%mdl 4096] Endgame KRN-KRN} Rc3 30. b4 Kf8 31. Kf1 Ke7 32. Nf4 Ra3 {Played: Rc3-c4} 0-1

[Event "Winter Chess Classic-B 2019"]
[Site "Saint Louis"]
[Date "2019.11.11"]
[Round "2.2"]
[White "Yoo, Christopher Woojin"]
[Black "Cordova, Emilio"]
[Result "1-0"]
[WhiteElo "2449"]
[BlackElo "2570"]
[Annotator "TA"]
[PlyCount "89"]
[EventDate "2019.11.10"]
[EventType "tourn"]
[EventCountry "USA"]
[SourceTitle "playchess.com"]
[Source "ChessBase"]
[SourceQuality "1"]

{[%evp 10,89,25,23,24,13,138,136,140,150,146,142,144,143,141,147,165,160,163,161,183,185,172,175,172,167,179,164,167,170,163,170,169,142,172,172,171,174,173,176,204,204,197,173,178,173,173,174,164,147,166,146,235,243,225,234,257,275,293,288,346,346,401,325,579,457,520,473,629,606,598,591,779,756,875,846,924,974,961,947,820,515]} 1. e4 c6 2. Nc3 d5 3. Nf3 dxe4 4. Nxe4 Nf6 5. Qe2 Nxe4 6. Qxe4 Qd5 {B11: Caro-Kann: Two Knights Variation} (6... Qa5 7. Qh4 Nd7 8. Bc4 Ne5 9. Be2 Nxf3+ 10. Bxf3 Bf5 11. O-O Bxc2 12. d4 e6 13. Qg3 Bg6 14. h4 {1-0 (48) Wei,Y (2721)-Vachier Lagrave,M (2774) chess.com INT 2019}) 7. Qf4 Bf5 (7... Qf5 $11 8. Qe3 Qxc2) 8. Bc4 $16 Qe4+ {White is clearly better.} 9. Qxe4 Bxe4 10. Bxf7+ $1 {[%mdl 64] [#] Decoy} Kxf7 11. Ng5+ {[%mdl 64] Double Attack} Kg6 12. Nxe4 e5 13. h4 h5 $146 ({Predecessor:} 13... Nd7 14. h5+ {1-0 (47) Perunovic,M (2435)-Jovanovic,S (2248) Banja Vrujci 2017}) 14. Rh3 Nd7 15. Rg3+ Kf7 16. Ng5+ Kg8 17. d3 Re8 18. Ne4 Kf7 19. Bg5 Nf6 20. O-O-O Be7 21. Rf1 Ke6 22. Re1 Kd7 23. Nd2 Bd6 24. Nc4 Bb8 25. Rge3 Ng4 26. R3e2 b5 27. Nd2 Rhf8 28. Ne4 Nf6 29. Ng3 Rf7 30. Bxf6 Rxf6 (30... gxf6 $16 31. Nxh5 Rg8) 31. Nxh5 $18 Rh6 {[#]} 32. g4 $1 ({Don't do} 32. Nxg7 $6 Rf8 $16) 32... Rf8 33. d4 ({Weaker is} 33. Nxg7 Rxh4 34. Nf5 Rxg4 $16) 33... Rg6 34. Re4 ({Less strong is} 34. dxe5 Rxg4 35. e6+ Ke7 $16) 34... Rxf2 35. dxe5 c5 36. g5 Bc7 $2 (36... Ke7 37. Rd1 Rf5) 37. Nf4 {White is clearly winning.} Rc6 38. e6+ Ke8 39. Nh5 Ke7 40. Nxg7 c4 41. g6 {aiming for Nf5+!} Bf4+ 42. Kb1 Bh6 43. Rd4 {White wants to mate with Rd7+.} Rc7 44. Nh5 Ke8 45. Rd7 {Accuracy: White = 80%, Black = 56%.} 1-0

[Event "Winter Chess Classic-B 2019"]
[Site "Saint Louis"]
[Date "2019.11.11"]
[Round "2.3"]
[White "Perez Ponsa, Federico"]
[Black "Wang, Justin"]
[Result "1-0"]
[WhiteElo "2560"]
[BlackElo "2459"]
[Annotator "TA"]
[PlyCount "129"]
[EventDate "2019.11.10"]
[EventType "tourn"]
[EventCountry "USA"]
[SourceTitle "playchess.com"]
[Source "ChessBase"]
[SourceQuality "1"]

{[%evp 12,129,16,1,22,18,41,5,6,0,24,23,23,27,26,27,27,23,31,23,39,51,38,26,20,22,39,24,15,23,37,23,33,0,14,0,0,0,36,0,18,18,18,8,18,-10,0,0,0,0,20,7,14,16,52,52,52,59,71,79,103,0,108,132,135,21,20,31,310,314,331,335,329,241,375,350,346,352,343,335,350,333,373,345,340,331,323,325,313,325,419,397,452,431,445,423,450,445,445,436,450,452,434,447,433,415,473,479,522,517,1281,893,1082,478,888,945,1419,1365,4778,2047]} 1. d4 Nf6 2. c4 e6 3. Nc3 Bb4 4. Qc2 d5 5. cxd5 exd5 6. Bg5 h6 7. Bh4 Be6 {E35: Nimzo-Indian: Classical: 4...d5 5 cxd5 exd5} (7... O-O 8. e3 c5 9. dxc5 Be6 10. Nf3 Nbd7 11. Be2 Rc8 12. c6 Rxc6 13. Nd4 Rc8 14. O-O Qe7 15. Qb3 Bxc3 16. bxc3 Nc5 17. Bxf6 Qxf6 18. Qb4 b6 19. a4 Qg6 20. a5 Ne4 21. Nxe6 Qxe6 {½-½ (21) Howell,D (2697)-Adams,M (2690) Torquay 2019}) 8. e3 Nbd7 {[%cal Bb8d7,Bd7c5,Bc5e4][%mdl 32]} 9. Nf3 O-O {The position is equal.} 10. Bd3 Re8 11. a3 Be7 12. h3 $146 ({Predecessor:} 12. O-O c6 13. Bg3 Nh5 14. Be5 Bg4 15. Ne1 Nxe5 16. dxe5 {½-½ (46) Ponomarjov,R (2219)-Dmitriev,V (2288) ICCF email 2010}) 12... c5 13. dxc5 Nxc5 14. O-O Rc8 15. Nd4 Nce4 16. Nxe6 fxe6 17. Bxf6 Nxf6 18. Rad1 Bd6 19. Qd2 Be5 20. Ne2 Bc7 21. Bb1 Qd6 {[%csl Gc7][%cal Rd6h2]} 22. Ng3 (22. g3 {with more complications.} Qd7 23. Bg6 Red8 24. Nd4 Bb6 25. Qd3) 22... Bb6 23. Qd3 Qe5 24. Rd2 h5 25. Rfd1 h4 26. Nf1 Ne4 27. Re2 $1 Rf8 28. Qb3 Qh5 29. Qd3 Bc7 30. Rc2 Bb8 {White should prevent ...Rxc2.} 31. Qe2 Qxe2 32. Rxe2 Nf6 33. Nd2 g5 34. Nf3 g4 35. hxg4 Nxg4 {[#]} 36. Nxh4 ({White should try} 36. e4 $1 $16) 36... Kg7 (36... Bh2+ $1 $11 {keeps the balance.} 37. Kf1 Bg3) 37. g3 $16 a5 38. Ng6 (38. Rde1 $16) 38... Rf6 $1 $11 39. Nf4 $36 {[%mdl 2048] Threatens to win with Nh5+. White fights for an advantage.} Rh6 $2 {[%mdl 8192] [#]} (39... Rh8 $14) 40. Nxe6+ $1 $18 {[%mdl 512]} Kf6 (40... Rxe6 41. Bf5) 41. Nf4 d4 42. Be4 ({Resist} 42. exd4 $6 Bxf4 43. gxf4 Rg8 $18) 42... Kg7 (42... dxe3 {was called for.} 43. Nd5+ (43. fxe3 b6 $18) (43. Bxb7 exf2+ 44. Kg2 Bxf4 $11) 43... Kf7) 43. Bf5 Rch8 {aiming for ...Rh1+.} 44. Rxd4 Rh1+ 45. Kg2 R1h2+ 46. Kf3 Ne5+ 47. Ke4 Re8 48. Rd8 {[%mdl 64] Deflection, Decoy} Rxd8 49. Ne6+ {[%mdl 64] Double Attack} Kf6 {Hoping for ...Re8.} 50. Nxd8 Rh8 51. Ne6 Re8 52. g4 Nf7 53. Kd5 Re7 54. f4 Rd7+ 55. Ke4 Nd6+ 56. Kf3 Nxf5 57. gxf5 Kxf5 {[%mdl 4096] Endgame KRB-KRN} 58. Nd4+ Kf6 59. Rh2 {White is clearly winning.} Kg6 60. Kg4 Rg7 (60... b5 $142 61. Nxb5 Re7) 61. Nf5 Rd7 62. Rh6+ Kf7 63. e4 Rd2 64. Rh7+ Kg8 65. Rxb7 {Accuracy: White = 72%, Black = 41%.} 1-0

[Event "Winter Chess Classic-B 2019"]
[Site "Saint Louis"]
[Date "2019.11.11"]
[Round "2.4"]
[White "Harutyunian, Tigran K."]
[Black "Moradiabadi, Elshan"]
[Result "1-0"]
[WhiteElo "2542"]
[BlackElo "2552"]
[Annotator "TA"]
[PlyCount "71"]
[EventDate "2019.11.10"]
[EventType "tourn"]
[EventCountry "USA"]
[SourceTitle "playchess.com"]
[Source "ChessBase"]
[SourceQuality "1"]

{[%evp 18,71,33,27,31,22,16,14,12,13,23,18,30,29,43,42,52,43,45,46,53,42,94,96,76,85,81,86,113,111,111,111,121,106,151,151,194,205,269,266,361,359,837,809,756,709,632,635,571,641,612,620,630,626,964,925]} 1. c4 e6 2. Nc3 d5 3. d4 Nf6 4. cxd5 exd5 5. Bg5 c6 6. e3 Bf5 7. Qf3 Bg6 8. Bxf6 Qxf6 9. Qxf6 gxf6 10. Nf3 Nd7 {D35: Queen's Gambit Declined: Exchange Variation} 11. Nh4 Nb6 12. f4 h5 {The position is equal.} 13. Kf2 {[#]} Kd7 $146 ({Predecessor:} 13... Nc8 14. f5 Bh7 15. h3 Nd6 16. g4 Kd7 17. Bd3 Bh6 18. Ng2 {1-0 (37) Bluebaum,M (2632)-Naiditsch,A (2700) Minsk 2017}) 14. Be2 Ke6 15. h3 f5 16. g4 hxg4 17. hxg4 Be7 18. g5 Rag8 19. Bd3 Nc8 ({Black should play} 19... Nc4 $14) 20. Na4 $1 $16 ({Of course not} 20. Nxg6 $6 fxg6 21. Kf3 Nd6 $11) 20... Nb6 21. Nc5+ Bxc5 22. dxc5 Nc4 23. Bxc4 dxc4 24. Rac1 Rd8 25. Rxc4 Rd2+ {[#]} 26. Kg3 $1 Kd5 27. Rc3 b5 28. Rhc1 b4 {[#]} 29. Rb3 $1 a5 $2 (29... Bh5 30. Rxb4 (30. Nxf5 a5 $16) 30... Ke6) 30. Nf3 $18 {White is clearly winning.} Re2 31. Rd3+ Ke4 32. Ne5 {[%cal Rc1c4]} Rxe3+ 33. Rxe3+ Kxe3 34. Nxc6 Kd2 35. Rc4 Rh1 36. Ne5 {Accuracy: White = 94%, Black = 38%.} 1-0